[Event "Titled Tuesday intern op 11th Mar Late"]
[Site "Chess.com INT"]
[Date "2025.03.11"]
[Round "11"]
[White "Badmatsyrenov, Oleg"]
[Black "Slaby, Jerzy"]
[Result "1-0"]
[WhiteElo "2366"]
[BlackElo "2464"]
[PlyCount "73"]
[EventDate "2025.03.11"]
[EventType "swiss (blitz)"]
[EventRounds "11"]
[EventCountry "USA"]
[SourceTitle "CB12_2025"]
[SourceDate "2025.03.19"]
[SourceVersion "1"]
[SourceVersionDate "2025.03.19"]
[SourceQuality "1"]

1. e4 Nf6 2. Nc3 c6 3. e5 Nd5 4. Nxd5 cxd5 5. Nf3 d6 6. b3 Bg4 7. Bb2 Nc6 8. Bb5 e6 9. exd6 Qxd6 10. h3 Bh5 11. g4 Bg6 12. Ne5 f6 13. Nxg6 hxg6 14. Qf3 Kf7 15. Bxc6 Qxc6 16. 0-0-0 a5 17. Kb1 a4 18. h4 Be7 19. h5 gxh5 20. gxh5 Rhc8 21. Qd3 axb3 22. cxb3 Qa6 23. Qxa6 Rxa6 24. h6 g5 25. h7 Rh8 26. Rc1 Rc6 27. Rxc6 bxc6 28. a4 e5 29. Ka2 Bc5 30. f3 Kg6 31. Rc1 Bd4 32. Bxd4 exd4 33. Rxc6 Rxh7 34. a5 Kf5 35. b4 Ke5 36. a6 f5 37. b5 1-0

[Event "Titled Tuesday intern op 11th Mar Early"]
[Site "Chess.com INT"]
[Date "2025.03.11"]
[Round "11"]
[White "Gutierrez Olivares, Daniel"]
[Black "Slaby, Jerzy"]
[Result "0-1"]
[WhiteElo "2354"]
[BlackElo "2464"]
[PlyCount "90"]
[EventDate "2025.03.11"]
[EventType "swiss (blitz)"]
[EventRounds "11"]
[EventCountry "USA"]
[SourceTitle "CB12_2025"]
[SourceDate "2025.03.19"]
[SourceVersion "1"]
[SourceVersionDate "2025.03.19"]
[SourceQuality "1"]

1. Nf3 g6 2. g3 Bg7 3. Bg2 Nf6 4. c4 0-0 5. Nc3 d6 6. a3 e5 7. b4 Re8 8. 0-0 h6 9. Bb2 Nc6 10. Ne1 e4 11. Nc2 h5 12. d3 exd3 13. exd3 h4 14. d4 h3 15. Bf3 Bf5 16. Ne3 Be4 17. Nxe4 Nxe4 18. b5 Na5 19. Qd3 f5 20. Nd5 c6 21. Nf4 Qg5 22. Nxh3 Qd2 23. Bxe4 Qxb2 24. Bg2 Qxd4 25. Qxd4 Bxd4 26. Rad1 Bc5 27. Nf4 Kf7 28. a4 Rac8 29. Nd3 Bb6 30. bxc6 bxc6 31. Nb4 Bc5 32. Nd3 Bd4 33. Rc1 Nb3 34. Rcd1 Kf6 35. h4 Rc7 36. Nb4 Re2 37. Nxc6 Bc5 38. Bf3 Ra2 39. Kg2 Nd2 40. Na5 Nxf1 41. Rxf1 Rxa4 42. Nb3 Rxc4 43. Nd2 Rc2 44. Nb3 Bb6 45. g4 R7c3 0-1

[Event "Titled Tuesday intern op 11th Mar Early"]
[Site "Chess.com INT"]
[Date "2025.03.11"]
[Round "6"]
[White "Ilinca Ilinca, Felix Antonio"]
[Black "Slaby, Jerzy"]
[Result "1/2-1/2"]
[WhiteElo "2408"]
[BlackElo "2464"]
[PlyCount "117"]
[EventDate "2025.03.11"]
[EventType "swiss (blitz)"]
[EventRounds "11"]
[EventCountry "USA"]
[SourceTitle "CB12_2025"]
[SourceDate "2025.03.19"]
[SourceVersion "1"]
[SourceVersionDate "2025.03.19"]
[SourceQuality "1"]

1. d4 d5 2. Nc3 c6 3. Bf4 Nf6 4. e3 Bf5 5. f3 Nbd7 6. g4 Bg6 7. h4 h5 8. g5 Ng8 9. Bd3 Bxd3 10. Qxd3 g6 11. 0-0-0 e6 12. e4 Ne7 13. Nge2 Bg7 14. Kb1 b5 15. Ng3 a5 16. Rhe1 b4 17. Na4 0-0 18. Bd6 Re8 19. f4 Nb6 20. Nxb6 Qxb6 21. Bxe7 Rxe7 22. exd5 cxd5 23. f5 gxf5 24. Nxf5 Rc7 25. Nxg7 Kxg7 26. Qf3 b3 27. Qf6+ Kg8 28. axb3 a4 29. g6 axb3 30. gxf7+ Rxf7 31. Rg1+ Kf8 32. Qh8+ Ke7 33. Qxa8 bxc2+ 34. Kxc2 Rf2+ 35. Rd2 Rxd2+ 36. Kxd2 Qxd4+ 37. Kc2 Qxg1 38. Qa3+ Kf6 39. Qf8+ Ke5 40. Qh8+ Ke4 41. Qxh5 Qc5+ 42. Kb1 Qg1+ 43. Ka2 d4 44. Qh7+ Ke3 45. Qh6+ Kd3 46. Qxe6 Kd2 47. Qh6+ Qe3 48. Qc6 d3 49. h5 Ke2 50. h6 d2 51. Qg2+ Ke1 52. h7 Qa7+ 53. Kb3 Qxh7 54. Qg1+ Ke2 55. Qg2+ Ke3 56. Qg3+ Ke2 57. Qg2+ Ke3 58. Qg3+ Ke2 59. Qg2+ 1/2-1/2

[Event "Titled Tuesday intern op 11th Mar Late"]
[Site "Chess.com INT"]
[Date "2025.03.11"]
[Round "6"]
[White "Pap, Gyula"]
[Black "Slaby, Jerzy"]
[Result "0-1"]
[WhiteElo "2475"]
[BlackElo "2464"]
[PlyCount "68"]
[EventDate "2025.03.11"]
[EventType "swiss (blitz)"]
[EventRounds "11"]
[EventCountry "USA"]
[SourceTitle "CB12_2025"]
[SourceDate "2025.03.19"]
[SourceVersion "1"]
[SourceVersionDate "2025.03.19"]
[SourceQuality "1"]

1. b3 d5 2. Bb2 Nf6 3. Nf3 c6 4. d3 Bg4 5. Nbd2 Nbd7 6. h3 Bxf3 7. Nxf3 e6 8. a3 Bd6 9. g3 0-0 10. Bg2 a5 11. 0-0 Re8 12. c4 e5 13. cxd5 cxd5 14. Nd2 Qb6 15. Qb1 Nc5 16. Qa2 Ne6 17. Rac1 h5 18. Qa1 Nd4 19. Rfe1 Re7 20. Qa2 Rae8 21. e3 Nc6 22. Kh1 Qd8 23. Rc2 Qd7 24. Qb1 Qf5 25. Nf3 Qxd3 26. Rc3 Qxb1 27. Rxb1 Rd8 28. Rc2 Red7 29. Rd1 Bb8 30. Kg1 d4 31. exd4 exd4 32. Rc4 Ba7 33. Kf1 Kf8 34. Nd2 Nd5 0-1

[Event "Titled Tuesday intern op 11th Mar Late"]
[Site "Chess.com INT"]
[Date "2025.03.11"]
[Round "9"]
[White "Slaby, Jerzy"]
[Black "Cieslak, Patryk"]
[Result "1-0"]
[WhiteElo "2464"]
[BlackElo "2411"]
[PlyCount "73"]
[EventDate "2025.03.11"]
[EventType "swiss (blitz)"]
[EventRounds "11"]
[EventCountry "USA"]
[SourceTitle "CB12_2025"]
[SourceDate "2025.03.19"]
[SourceVersion "1"]
[SourceVersionDate "2025.03.19"]
[SourceQuality "1"]

1. e4 d6 2. d4 Nf6 3. Nc3 e5 4. Nge2 c6 5. f3 b5 6. Be3 b4 7. Na4 Qa5 8. b3 Be7 9. Qd2 exd4 10. Nxd4 Qc7 11. g4 g6 12. 0-0-0 a6 13. Qxb4 d5 14. Qb6 Qd6 15. Kb1 0-0 16. Ne2 Nbd7 17. Qd4 c5 18. Qd2 d4 19. Bf4 Qc6 20. g5 Nh5 21. Ng3 Nxf4 22. Qxf4 Nb6 23. Nxb6 Qxb6 24. h4 Qd6 25. e5 Qd8 26. Ne4 Bf5 27. Bd3 Bxe4 28. Qxe4 a5 29. f4 a4 30. h5 axb3 31. cxb3 Qa5 32. Rh2 c4 33. Bxc4 Rac8 34. hxg6 Rxc4 35. Rxh7 Rc3 36. gxf7+ Rxf7 37. Qg6+ 1-0

[Event "Titled Tuesday intern op 11th Mar Late"]
[Site "Chess.com INT"]
[Date "2025.03.11"]
[Round "2"]
[White "Slaby, Jerzy"]
[Black "Indjic, Aleksandar"]
[Result "0-1"]
[WhiteElo "2464"]
[BlackElo "2651"]
[PlyCount "70"]
[EventDate "2025.03.11"]
[EventType "swiss (blitz)"]
[EventRounds "11"]
[EventCountry "USA"]
[SourceTitle "CB12_2025"]
[SourceDate "2025.03.19"]
[SourceVersion "1"]
[SourceVersionDate "2025.03.19"]
[SourceQuality "1"]

1. e4 c5 2. Nf3 e6 3. c3 d5 4. e5 d4 5. Bd3 Bd7 6. 0-0 Bc6 7. Re1 Ne7 8. Be4 dxc3 9. Nxc3 Bxe4 10. Nxe4 Nf5 11. d4 Nxd4 12. Nxd4 cxd4 13. Bg5 Qd5 14. Qg4 Nc6 15. Bf4 0-0-0 16. Qg3 Kb8 17. a3 h6 18. h4 Be7 19. b4 g5 20. hxg5 hxg5 21. Bxg5 Rdg8 22. Nf6 Bxf6 23. exf6+ Ka8 24. f4 e5 25. Qf2 exf4 26. Bxf4 Qh5 27. Kf1 d3 28. Qf3 Qg6 29. Rad1 Nd4 30. Qe4 Qxe4 31. Rxe4 Rh1+ 32. Kf2 Rxd1 33. Rxd4 d2 34. Bxd2 Re8 35. g4 b5 0-1

[Event "Titled Tuesday intern op 11th Mar Early"]
[Site "Chess.com INT"]
[Date "2025.03.11"]
[Round "7"]
[White "Slaby, Jerzy"]
[Black "Yevchenko, Alexander"]
[Result "1-0"]
[WhiteElo "2464"]
[BlackElo "2276"]
[PlyCount "85"]
[EventDate "2025.03.11"]
[EventType "swiss (blitz)"]
[EventRounds "11"]
[EventCountry "USA"]
[SourceTitle "CB12_2025"]
[SourceDate "2025.03.19"]
[SourceVersion "1"]
[SourceVersionDate "2025.03.19"]
[SourceQuality "1"]

1. e4 c5 2. Nf3 d6 3. d4 Nf6 4. Nc3 cxd4 5. Qxd4 Nc6 6. Bb5 Bd7 7. Bxc6 Bxc6 8. Bg5 e6 9. 0-0-0 Be7 10. Qd3 0-0 11. Nd4 Rc8 12. h4 Qa5 13. f4 Rfe8 14. f5 e5 15. Nb3 Qc7 16. Bxf6 Bxf6 17. g4 b5 18. g5 Be7 19. g6 fxg6 20. fxg6 h6 21. Kb1 b4 22. Nd5 Bxd5 23. Qxd5+ Kh8 24. Rd2 Rf8 25. h5 Bg5 26. Re2 Qc4 27. Qxc4 Rxc4 28. Rd1 Rf6 29. a3 bxa3 30. bxa3 Kg8 31. Rd5 Ra4 32. Kb2 Kf8 33. Rb5 Ke7 34. Rb7+ Ke6 35. Rxg7 Rf4 36. Rb7 Bf6 37. Nd2 Rg4 38. c4 Ra6 39. Nb3 Rg3 40. c5 d5 41. exd5+ Kxd5 42. Rd2+ Kc6 43. Rf7 1-0

[Event "Titled Tuesday intern op 04th Mar Early"]
[Site "Chess.com INT"]
[Date "2025.03.04"]
[Round "9"]
[White "Slaby, Jerzy"]
[Black "Bluebaum, Matthias"]
[Result "0-1"]
[WhiteElo "2464"]
[BlackElo "2643"]
[PlyCount "66"]
[EventDate "2025.03.04"]
[EventType "swiss (blitz)"]
[EventRounds "11"]
[EventCountry "USA"]
[SourceTitle "CB11_2025"]
[SourceDate "2025.03.12"]
[SourceVersion "1"]
[SourceVersionDate "2025.03.12"]
[SourceQuality "1"]

1. e4 e6 2. d4 d5 3. Nc3 Nf6 4. e5 Nfd7 5. f4 c5 6. Nf3 Nc6 7. Be3 Rb8 8. Qd2 Qa5 9. a3 b5 10. Ne2 Qxd2+ 11. Kxd2 Be7 12. g3 0-0 13. dxc5 Nxc5 14. Ned4 Bd7 15. Bd3 Rfc8 16. Nxc6 Bxc6 17. Nd4 Bd7 18. c3 a5 19. b4 axb4 20. cxb4 Nxd3 21. Kxd3 f6 22. Nf3 Be8 23. Bd4 Bg6+ 24. Ke3 Be4 25. Rhc1 Bxf3 26. Kxf3 Rc4 27. Ke3 Ra8 28. Rxc4 dxc4 29. exf6 gxf6 30. Ke4 Kf7 31. g4 Rd8 32. h3 f5+ 33. gxf5 Rxd4+ 0-1

[Event "Titled Tuesday intern op 04th Mar Early"]
[Site "Chess.com INT"]
[Date "2025.03.04"]
[Round "4"]
[White "Slaby, Jerzy"]
[Black "Montano Vicente, Guadalupe"]
[Result "1-0"]
[WhiteElo "2464"]
[BlackElo "1970"]
[PlyCount "127"]
[EventDate "2025.03.04"]
[EventType "swiss (blitz)"]
[EventRounds "11"]
[EventCountry "USA"]
[SourceTitle "CB11_2025"]
[SourceDate "2025.03.12"]
[SourceVersion "1"]
[SourceVersionDate "2025.03.12"]
[SourceQuality "1"]

1. e4 c5 2. Nf3 d6 3. d4 cxd4 4. Qxd4 a6 5. c4 Nc6 6. Qd2 g6 7. b3 Bg7 8. Bb2 Bxb2 9. Qxb2 Nf6 10. Nc3 0-0 11. Bd3 Be6 12. 0-0 Rc8 13. Rfe1 Qa5 14. a3 Qh5 15. Be2 Qh6 16. h3 Qg7 17. Qd2 Nd7 18. Ng5 Nc5 19. Rab1 Nd4 20. Bd1 h6 21. Nf3 Nxf3+ 22. Bxf3 Nd7 23. Bg4 Bxg4 24. hxg4 Ne5 25. f3 Rfd8 26. Nd5 e6 27. Ne7+ Kh7 28. Nxc8 Rxc8 29. Qxd6 Rc6 30. Qd8 b5 31. cxb5 axb5 32. Rbc1 Ra6 33. Qe7 Nd3 34. Kh2 Nxe1 35. Rxe1 Qe5+ 36. Kh1 Kg7 37. Rc1 Qf6 38. Qxf6+ Kxf6 39. Ra1 Ke5 40. Kh2 Kf4 41. a4 bxa4 42. bxa4 Ra5 43. Kh3 f5 44. exf5 exf5 45. gxf5 gxf5 46. Ra3 h5 47. Kh4 Ra6 48. Kxh5 Kg3 49. Ra2 Ra5 50. Kg5 f4+ 51. Kf6 Ra6+ 52. Ke5 Ra5+ 53. Kd6 Ra6+ 54. Kc5 Ra5+ 55. Kb6 Ra8 56. a5 Rb8+ 57. Kc7 Ra8 58. a6 Ra7+ 59. Kb6 Ra8 60. Kb7 Rh8 61. a7 Rh7+ 62. Kc6 Rh6+ 63. Kd5 Rh5+ 64. Ke4 1-0

[Event "British Rapidplay"]
[Site "Peterborough"]
[Date "2025.03.01"]
[Round "6"]
[White "Slaby, Jerzy"]
[Black "Verbytski, Oleg"]
[Result "1-0"]
[WhiteElo "2464"]
[BlackElo "2111"]
[PlyCount "165"]
[EventDate "2025.03.01"]
[EventType "swiss (rapid)"]
[EventRounds "11"]
[EventCountry "ENG"]
[SourceTitle "CB10_2025"]
[SourceDate "2025.03.05"]
[SourceVersion "1"]
[SourceVersionDate "2025.03.05"]
[SourceQuality "1"]

1. e4 c5 2. Nf3 d6 3. d4 cxd4 4. Qxd4 Nf6 5. Nc3 Nc6 6. Bb5 Bd7 7. Bxc6 Bxc6 8. Bg5 e6 9. 0-0-0 Be7 10. Qd3 Qa5 11. h4 h6 12. Bd2 Qc7 13. Nd4 a6 14. f3 Rc8 15. g4 h5 16. g5 Nd7 17. g6 Ne5 18. gxf7+ Kxf7 19. Qf1 Bf6 20. Bg5 Qd8 21. f4 Ng4 22. Nxc6 Rxc6 23. Rh3 Rf8 24. e5 Bxg5 25. hxg5 g6 26. Ne4 d5 27. Nf6 Nxf6 28. gxf6 Qa5 29. Kb1 Qa4 30. Qd3 Rfc8 31. Rxh5 Rxc2 32. Rh7+ Kf8 33. Rh8+ Kf7 34. Rxc8 Rxc8 35. Rh1 Qe4 36. Qxe4 dxe4 37. Rh7+ Kg8 38. Rg7+ Kf8 39. Rxg6 e3 40. Rg3 Rc4 41. Rxe3 Rxf4 42. Kc2 Rd4 43. Rd3 Re4 44. Rd8+ Kf7 45. Rd7+ Kg6 46. Rg7+ Kh6 47. Rxb7 Rxe5 48. f7 Kg7 49. Kd3 a5 50. a4 Rf5 51. Ra7 Rxf7 52. Rxa5 Kf6 53. Rc5 Rb7 54. Kc3 e5 55. b4 Kf5 56. a5 Kf4 57. a6 Ra7 58. b5 e4 59. Kb4 e3 60. Ka5 e2 61. Rc1 Rd7 62. Re1 Kf3 63. b6 Rd5+ 64. Kb4 Rd1 65. Rxe2 Kxe2 66. b7 Rb1+ 67. Kc5 Kd2 68. Kc6 Kc2 69. a7 Rh1 70. b8Q Rh6+ 71. Qd6 Rh8 72. Qc5+ Kb3 73. Qe3+ Ka2 74. Qd2+ Kb3 75. Qd3+ Ka2 76. Qc2+ Ka1 77. Qc3+ Kb1 78. Qxh8 Kc2 79. Qh3 Kb2 80. Kc5 Kc1 81. Qg2 Kb1 82. Kc4 Ka1 83. Kc3 1-0

[Event "Titled Tuesday intern op 25th Feb Early"]
[Site "Chess.com INT"]
[Date "2025.02.25"]
[Round "3"]
[White "Clarke, Connor"]
[Black "Slaby, Jerzy"]
[Result "0-1"]
[WhiteElo "2060"]
[BlackElo "2464"]
[PlyCount "76"]
[EventDate "2025.02.25"]
[EventType "swiss (blitz)"]
[EventRounds "11"]
[EventCountry "USA"]
[SourceTitle "CB10_2025"]
[SourceDate "2025.03.05"]
[SourceVersion "1"]
[SourceVersionDate "2025.03.05"]
[SourceQuality "1"]

1. d4 d5 2. Nc3 Nf6 3. Bf4 c6 4. e3 Bf5 5. Nf3 e6 6. Ne5 h6 7. Bd3 Bxd3 8. cxd3 Nbd7 9. Qb3 Qb6 10. Na4 Qxb3 11. axb3 Be7 12. Ke2 Nh5 13. Bg3 Nxg3+ 14. hxg3 Nxe5 15. dxe5 Kd7 16. d4 b6 17. Rhc1 Kc7 18. Nc3 Kb7 19. f4 h5 20. Rh1 g6 21. Nd1 c5 22. Nf2 Rac8 23. Rac1 Ka6 24. Nd3 Kb5 25. Kf3 a5 26. g4 hxg4+ 27. Kxg4 c4 28. bxc4+ dxc4 29. Nf2 Kb4 30. Ne4 b5 31. Nc3 a4 32. e4 Rxh1 33. Rxh1 a3 34. bxa3+ Kxc3 35. Rb1 Kxd4 36. Rxb5 Rc7 37. f5 c3 38. fxe6 fxe6 0-1

[Event "Titled Tuesday intern op 11th Feb Early"]
[Site "Chess.com INT"]
[Date "2025.02.11"]
[Round "2"]
[White "Md, Bashiq Imrose"]
[Black "Slaby, Jerzy"]
[Result "0-1"]
[WhiteElo "2120"]
[BlackElo "2464"]
[PlyCount "140"]
[EventDate "2025.02.11"]
[EventType "swiss (blitz)"]
[EventRounds "11"]
[EventCountry "USA"]
[SourceTitle "CB09_2025"]
[SourceDate "2025.02.27"]
[SourceVersion "1"]
[SourceVersionDate "2025.02.27"]
[SourceQuality "1"]

1. d4 d5 2. c4 c6 3. Nf3 Nf6 4. Nc3 a6 5. cxd5 cxd5 6. Bf4 Nc6 7. Rc1 Bf5 8. e3 e6 9. Qb3 Bb4 10. Be2 0-0 11. 0-0 Qe7 12. Ne5 Nxe5 13. Bxe5 Bd6 14. Bxd6 Qxd6 15. Na4 Rab8 16. Qb6 Rfd8 17. Rc7 Qxb6 18. Nxb6 Ne8 19. Rc3 h6 20. Rfc1 Kf8 21. Bd1 Rd6 22. Nc8 Rd8 23. Ba4 b5 24. Bd1 e5 25. Na7 exd4 26. exd4 Bd7 27. Bf3 Nf6 28. Nc6 Bxc6 29. Rxc6 a5 30. Ra6 Rdc8 31. Rxc8+ Rxc8 32. g3 a4 33. Rb6 Rc4 34. Rxb5 Rxd4 35. Kf1 g5 36. h3 Rd2 37. Ke1 Rc2 38. Bxd5 Nxd5 39. Rxd5 Rxb2 40. Rd2 a3 41. Kd1 Rb1+ 42. Kc2 Rb4 43. Kc3 Rb5 44. Rd4 Rb2 45. Rd2 Rb5 46. Re2 Kg7 47. Kc4 Rb2 48. Kd3 Rb4 49. Rc2 h5 50. Rc5 Kg6 51. Ra5 Rb2 52. Rxa3 Rxf2 53. Ke4 Rh2 54. g4 hxg4 55. hxg4 Rf2 56. Ra6+ f6 57. Ke3 Rf4 58. a4 Rxg4 59. a5 Ra4 60. Ra8 g4 61. a6 Kf5 62. a7 Ra3+ 63. Ke2 Kf4 64. Kf2 Ra2+ 65. Kf1 f5 66. Ke1 g3 67. Kd1 Kf3 68. Ke1 Ra1+ 69. Kd2 f4 70. Kd3 g2 0-1

[Event "Titled Tuesday intern op 04th Feb Early"]
[Site "Chess.com INT"]
[Date "2025.02.04"]
[Round "5"]
[White "Apoorv, Kamble"]
[Black "Slaby, Jerzy"]
[Result "1-0"]
[WhiteElo "2264"]
[BlackElo "2464"]
[PlyCount "69"]
[EventDate "2025.02.04"]
[EventType "swiss (blitz)"]
[EventRounds "11"]
[EventCountry "USA"]
[SourceTitle "CB07_2025"]
[SourceDate "2025.02.12"]
[SourceVersion "1"]
[SourceVersionDate "2025.02.12"]
[SourceQuality "1"]

1. e4 c6 2. d4 d5 3. Nd2 g6 4. Ngf3 Bg4 5. c3 e6 6. h3 Bxf3 7. Qxf3 Nd7 8. Bd3 dxe4 9. Nxe4 Ngf6 10. Bg5 Be7 11. Bh6 Nxe4 12. Bxe4 Bg5 13. Bg7 Rg8 14. Be5 Nxe5 15. dxe5 Qd2+ 16. Kf1 0-0-0 17. g3 Rgf8 18. Kg2 f5 19. Bxc6 bxc6 20. Qxc6+ Kb8 21. Rad1 Qe2 22. Rhe1 Qc2 23. Qb5+ Ka8 24. Qc6+ Kb8 25. Rd6 f4 26. Re4 f3+ 27. Kg1 Be3 28. Rb4+ Bb6 29. Rxb6+ axb6 30. Qxb6+ Ka8 31. Qa5+ Kb7 32. Qb5+ Kc8 33. Qc5+ Kb7 34. Rb6+ Ka7 35. Qa5# 1-0

[Event "Titled Tuesday intern op 04th Feb Early"]
[Site "Chess.com INT"]
[Date "2025.02.04"]
[Round "10"]
[White "Slaby, Jerzy"]
[Black "Belov, Alexei"]
[Result "0-1"]
[WhiteElo "2464"]
[BlackElo "2421"]
[PlyCount "50"]
[EventDate "2025.02.04"]
[EventType "swiss (blitz)"]
[EventRounds "11"]
[EventCountry "USA"]
[SourceTitle "CB07_2025"]
[SourceDate "2025.02.12"]
[SourceVersion "1"]
[SourceVersionDate "2025.02.12"]
[SourceQuality "1"]

1. e4 e6 2. d4 d5 3. Nc3 Nf6 4. e5 Nfd7 5. f4 c5 6. Nf3 Nc6 7. Be3 Qb6 8. Na4 Qa5+ 9. c3 b6 10. a3 c4 11. b4 cxb3 12. Qxb3 Ba6 13. Nb2 Bxf1 14. Rxf1 Be7 15. Kf2 Qa6 16. a4 Na5 17. Qb5 Qb7 18. Rab1 Rc8 19. Qd3 f6 20. f5 Qc6 21. fxe6 Qxe6 22. exf6 Nxf6 23. Ng5 Ng4+ 24. Kg3 Qxe3+ 25. Qxe3 Nxe3 0-1

[Event "Titled Tuesday intern op 28th Jan Early"]
[Site "Chess.com INT"]
[Date "2025.01.28"]
[Round "9"]
[White "Slaby, Jerzy"]
[Black "Sokhor, Nazar"]
[Result "1-0"]
[WhiteElo "2464"]
[BlackElo "2265"]
[PlyCount "75"]
[EventDate "2025.01.28"]
[EventType "swiss (blitz)"]
[EventRounds "11"]
[EventCountry "USA"]
[SourceTitle "CB06_2025"]
[SourceDate "2025.02.05"]
[SourceVersion "1"]
[SourceVersionDate "2025.02.05"]
[SourceQuality "1"]

1. e4 e5 2. Nf3 Nc6 3. Bb5 a6 4. Ba4 Bc5 5. c3 Nge7 6. 0-0 Ba7 7. d4 Ng6 8. Be3 b5 9. Bb3 0-0 10. Nbd2 d6 11. Re1 Kh8 12. h3 h6 13. a4 b4 14. Bd5 bxc3 15. bxc3 Bd7 16. Nc4 f6 17. a5 Qe7 18. Rb1 Rab8 19. Qd2 Rb5 20. Bxc6 Bxc6 21. d5 Bxe3 22. Nxe3 Bd7 23. c4 Rxb1 24. Rxb1 Nf4 25. Nh4 Qf7 26. Rb7 Qh5 27. Nhf5 Qg6 28. Kh2 Nh5 29. Rxc7 Bc8 30. Nxd6 Nf4 31. Ndf5 Bxf5 32. exf5 Qg5 33. g3 Nh5 34. d6 Rb8 35. d7 Kh7 36. Rc8 Rb1 37. d8Q Nxg3 38. Qg8# 1-0